La historia de la humanidad / (Record no. 157286)
[ view plain ]
| 000 -LEADER | |
|---|---|
| campo de control de longitud fija | 01564nam a22002291 4500 |
| 001 - NÚMERO DE CONTROL | |
| campo de control | 157286 |
| 003 - IDENTIFICADOR DE NÚMERO DE CONTROL | |
| campo de control | ES-MaACL |
| 005 - FECHA Y HORA DE LA ÚLTIMA TRANSACCIÓN | |
| campo de control | 20250809063529.0 |
| 008 - DATOS DE LONGITUD FIJA--INFORMACIÓN GENERAL | |
| campo de control de longitud fija | 940301m18791880sp |||| | spa d |
| 100 1# - ENTRADA PRINCIPAL--NOMBRE DE PERSONA | |
| Nombre de persona | Laurent, François, |
| Fechas asociadas al nombre | 1810-1887 |
| 9 (RLIN) | 128741 |
| 245 13 - MENCIÓN DEL TÍTULO | |
| Título | La historia de la humanidad / |
| Mención de responsabilidad, etc. | estudios por F. Laurent ; traducidos por Nicolás Salmerón y Alonso, Angel Fernández de los Rios y Tomás Rodríguez Pinilla. |
| 250 ## - MENCION DE EDICION | |
| Mención de edición | Ed. ilustrada. |
| 260 ## - PUBLICACIÓN, DISTRIBUCIÓN, ETC. | |
| Lugar de publicación, distribución, etc. | Madrid : |
| Nombre del editor, distribuidor, etc. | Casa Editorial y Administración de la Viuda de Rodriguez, |
| Fecha de publicación, distribución, etc. | 1879-1880. |
| 300 ## - DESCRIPCIÓN FÍSICA | |
| Extensión | 5 v. : |
| Otras características físicas | il. ; |
| Dimensiones | 30 cm. |
| 505 8# - NOTA DE CONTENIDO CON FORMATO | |
| Nota de contenido con formato | Contiene: t.I. El Oriente, la Grecia, Roma (1100 p., [13] h. de lám.) -- t.II. Los bárbaros y el catolicismo, el pontificado y el imperio, el feudalismo y la iglesia, la reforma (1105 p., [4] h. de lám.) -- t.III. Las guerras de religión, las nacionalidades, la política real, la filosofía del siglo XVIII y el cristianismo (1126 p., [2] h. de lám.) -- t. IV La Revolución Francesa (primera y segunda parte), el Imperio, la reacción religiosa (1262 p., [1] h. de lám.) -- t. V La Iglesia y el Estado(primera y segunda parte), La religión del porvenir, Filosofía de la Historia (966 p., [8] h. de lám.) |
| 650 04 - PUNTO DE ACCESO ADICIONAL DE MATERIA--TÉRMINO DE MATERIA | |
| Término de materia o nombre geográfico como elemento de entrada | Civilización- |
| Subdivisión general | Historia |
| 9 (RLIN) | 11082 |
| 700 1# - ENTRADA AGREGADA--NOMBRE PERSONAL | |
| Nombre de persona | Salmerón y Alonso, Nicolás, |
| Fechas asociadas al nombre | 1838-1908 |
| 9 (RLIN) | 101996 |
| 700 1# - ENTRADA AGREGADA--NOMBRE PERSONAL | |
| Nombre de persona | Rodríguez Pinilla, Tomás. |
| 9 (RLIN) | 143531 |
| 700 1# - ENTRADA AGREGADA--NOMBRE PERSONAL | |
| Nombre de persona | Fernández de los Ríos, Ángel, |
| Fechas asociadas al nombre | 1821-1880 |
| 9 (RLIN) | 149656 |
| 852 ## - LOCALIZACIÓN | |
| Ubicación | ES-MaACL |
| Número de control de estantería | C-1896-1900 |
| Nota libre | -- Enc. hol. |
| -- | -- Legado M. de la Fuente |
| Estatus retirado | Estado de pérdida | Estado de daño | No para préstamo | Colección | Biblioteca de origen | Biblioteca actual | Ubicación en estantería | Fecha de adquisición | Fuente de adquisición | Total de préstamos | Signatura topográfica completa | Código de barras | Visto por última vez | Precio de reemplazo | Tipo de ítem Koha |
|---|---|---|---|---|---|---|---|---|---|---|---|---|---|---|---|
| Libros del s. XIX | Biblioteca del Ateneo de Madrid | Biblioteca del Ateneo de Madrid | Sala Palomar | 17/01/2008 | C-1896-1900 | 1164599 | 23/02/2023 | 23/02/2023 | Libro impreso antiguo |
